| 000 | 01020nam a22002057a 4500 | ||
|---|---|---|---|
| 999 |
_c59028 _d59028 |
||
| 003 | Ge_BSU | ||
| 005 | 20221102111422.0 | ||
| 008 | 221102s2000 ge ||||| |||| 00| 0 geo d | ||
| 020 | _a9992843128 | ||
| 041 | _ageo | ||
| 080 | _a338.43(479.223) + 332.021.8(479.22 ც-60 | ||
| 100 |
_aციკოლია, იური _915724 |
||
| 245 |
_aაჭარის სოფლის მეურნეობის ეკონომიკა აგრარული რეფორმების პირობებში / _cიური ციკოლია; [რედ.: იური სიხარულიძე]. |
||
| 264 |
_aბათუმი : _bალიონი, _c2000. |
||
| 300 |
_a270გვ. ; _b20სმ. |
||
| 504 | _a ბიბლიოგრ.: გვ. 259. | ||
| 653 | _aაჭარის სოფლის მეურნეობის ეკონომიკა | ||
| 653 | _aაგრარული რეფორმა საქართველოში | ||
| 942 |
_2udc _cBK |
||